Responses for Show #4534 - Thursday, April 29, 2004

Contestants

[<< previous game]

Don Kraft, an emergency physician from Huntington, West Virginia

Nancy Floyd, a statistician from Lexington, South Carolina

Dave Stern, an accountant from Columbus, Ohio (whose 1-day cash winnings total $18,800)

[next game >>]

Jeopardy! Round responses

STATE MOTTOES
MUSICAL THEATRE
GROUPS
PROBE ABILITY
SOUVENIRS & COLLECTIBLES
"C" WORLD
    $200 13
Virginia

Don
    $200 18
the Seine

Dave
    $200 6
posse

Dave
    $200 11
the moon

Dave
    $200 30
Geppetto

Dave
    $200 1
Central Park

Dave
    $400 14
California

Don
    $400 19
The King and I

Don
    $1,000 7
the Tribe

Dave
    $400 12
Venus

Don
    $400 29
Chicago

Don
    $400 2
Confucius

Nancy
    $600 15
New Hampshire

Dave
    $600 20
A Chorus Line

Don
    $600 8
squads

Dave
    $600 23
Halley's Comet

Don
    $600 28
the Astrodome

Triple Stumper
    $600 3
Calypso

Nancy
    $800 16
New York

Don
    $800 21
Michael Crawford

Dave
    $800 9
brood

Triple Stumper
    $800 24
Galileo

Dave
    $800 27
Mount Rushmore

Dave
    $800 4
the Communists

Don
    $1000 17
West Virginia

Don
    $1000 22
Rent

Dave
    $1000 10
unit

Dave
    $1000 25
(Alex: We have a minute to go.)

Caltech

Don
    $1000 26
Geiger counter

Don
    $1000 5
Castor oil

Dave

Scores at the first commercial break (after clue 17):

Dave Nancy Don
$4,800 $1,000 $3,600

Scores at the end of the Jeopardy! Round:

Dave Nancy Don
$8,600 $1,000 $7,600

Double Jeopardy! Round responses

SYLVESTER STALLONE
ROCKY
GONNA "FLY" NOW
ASSASSINS
CLIFFHANGER
RIMBAUD
    $400 1
First Blood

Dave
    $400 6
coal

Don
    $400 16
fly right

Dave
    $400 8
Robert F. Kennedy

Don
    $400 21
(the White Cliffs of) Dover

Dave
    $400 26
Paris

Dave
    $800 2
(Alex: (doing a Mr. T imitation) Pity the fool that didn't know that!)

Mr. T

Dave
    $5,000 7
metamorphic

Don
    $800 17
flyweight

Dave
    $800 9
Mahatma Gandhi

Dave
    $800 22
Merlin the Magician

Don
    $800 27
Communion

Dave
    $1200 3
Brigitte Nielsen

Dave
    $1200 13
diamond

Dave
    $1200 18
"Fly Me to the Moon"

Dave
    $1200 10
Philip (II of Macedon)

Don
    $1200 23
the Hudson River

Don
    $1200 28
vowels

Dave
    $1600 4
Rhinestone

Dave
    $1600 14
silver

Dave
    $1600 19
fly fishing

Don
    $4,000 11
Anwar Sadat

Don
    $1600 24
Acapulco

Don
    $1600 29
Ethiopia

Triple Stumper
    $2000 5
Kurt Russell

Nancy
    $2000 15
(Don: What is tungsten?)
(Alex: You would think they would want something that would burn, no?)

asbestos

Don
Triple Stumper
    $2000 20
flyleaf

Triple Stumper
    $2000 12
Huey Long

Nancy
    $2000 25
Ramses II

Dave
    $2000 30
(Alex: Hey, you know something? You keep ringing in on the $2,000 clues and coming up with correct responses, and as a result, you have $7,000!)

Paul Verlaine

Nancy

Scores at the end of the Double Jeopardy! Round:

Dave Nancy Don
$23,400 $7,000 $21,800

[wagering suggestions for these scores]

Final Jeopardy! Round responses

MYTHOLOGICAL NAMES
(Alex: Or Heracles; the goddess Hera.)
NancyWho was Heroclitus?
$6,000
DonWho is Hercules
$7,000
DaveWho is
$0
Hercules

Final scores:

Dave Nancy Don
$23,400 $1,000 $28,800
2nd place: $2,000 3rd place: $1,000 New champion: $28,800

Game dynamics:

Coryat scores:

Dave Nancy Don
$22,800 $7,000 $15,200
29 R
(including 1 DD),
0 W
5 R,
0 W
21 R
(including 2 DDs),
1 W

Combined Coryat: $45,000

[game clues] [game scores] [suggest correction]

Game tape date: 2004-02-04
The J! Archive is created by fans, for fans. Scraping, republication, monetization, and malicious use prohibited; this site may use cookies and collect identifying information. See terms. The Jeopardy! game show and all elements thereof, including but not limited to copyright and trademark thereto, are the property of Jeopardy Productions, Inc. and are protected under law. This website is not affiliated with, sponsored by, or operated by Jeopardy Productions, Inc. Join the discussion at JBoard.tv.